L'enfant et les limites (Record no. 2586)

MARC details
000 -LEADER
fixed length control field 01540nam a2200277 4500
003 - CONTROL NUMBER IDENTIFIER
control field OSt
005 - DATE AND TIME OF LATEST TRANSACTION
control field 20171204141327.0
008 - FIXED-LENGTH DATA ELEMENTS--GENERAL INFORMATION
fixed length control field s2004 fr fre u
020 ## - INTERNATIONAL STANDARD BOOK NUMBER
International Standard Book Number 286615293X
020 ## - INTERNATIONAL STANDARD BOOK NUMBER
International Standard Book Number 9782866152932
040 ## - CATALOGING SOURCE
Original cataloging agency LB-BrCRDP
082 1# - DEWEY DECIMAL CLASSIFICATION NUMBER
Classification number 370.15
Item number PRU
100 1# - MAIN ENTRY--PERSONAL NAME
Personal name Pruvost, Didier
245 12 - TITLE STATEMENT
Title L'enfant et les limites
Statement of responsibility, etc. Pruvost, Didier
260 ## - PUBLICATION, DISTRIBUTION, ETC.
Place of publication, distribution, etc. Paris
Name of publisher, distributor, etc. CRDP Amiens
Date of publication, distribution, etc. 2004
300 ## - PHYSICAL DESCRIPTION
Extent 85 p.
Dimensions 24 cm
500 ## - GENERAL NOTE
General note Table des matières.
505 ## - FORMATTED CONTENTS NOTE
Formatted contents note - Des engagements cohérents pour une efficacité pédagogique <br/>- Approches psychopathologique des enfants souffrant de pathologie limite<br/>- L'agressivité en classe<br/>- La construction de l'identité à l'épreuve des limites<br/>- La relation éducative à l'épreuve de la démocratie <br/>- Le parent et le professionnel dans les mailles de l'évolution du groupe familial
520 ## - SUMMARY, ETC.
Summary, etc. Certains enfants ne parviennent pas à tenir leur rôle d'élève, au sein de l'institution scolaire, parce qu'ils doivent surmonter des difficultés personnelles qui les placent en situation d'échec total ou partiel. La question des limites, souvent évoquée par les professionnels de l'enfance a été le thèe du colloque "l'enfant et les limites", organisé par l'association des rééducateurs de l'Education nationale de la Somme.
650 #0 - SUBJECT ADDED ENTRY--TOPICAL TERM
Topical term or geographic name entry element Pédagogie
9 (RLIN) 39
650 #0 - SUBJECT ADDED ENTRY--TOPICAL TERM
Topical term or geographic name entry element Psychopédagogie
9 (RLIN) 89
650 #0 - SUBJECT ADDED ENTRY--TOPICAL TERM
Topical term or geographic name entry element Echec scolaire
9 (RLIN) 48
650 #0 - SUBJECT ADDED ENTRY--TOPICAL TERM
Topical term or geographic name entry element Rôle des enseignants
9 (RLIN) 203
942 ## - ADDED ENTRY ELEMENTS (KOHA)
Koha item type Books
Source of classification or shelving scheme Dewey Decimal Classification
Holdings
Withdrawn status Lost status Source of classification or shelving scheme Damaged status Not for loan Home library Current library Shelving location Date acquired Source of acquisition Cost, normal purchase price Total Checkouts Full call number Barcode Date last seen Copy number Price effective from Koha item type
    Dewey Decimal Classification     مكتبة دار المعلمين و المعلمات - بئر حسن مكتبة دار المعلمين و المعلمات - بئر حسن Salle de Lecture 06/05/2008 Ambassade de France 0.00   371.9 Pru CRB2140 07/27/2016 1 07/27/2016 Books
    Dewey Decimal Classification     مكتبة دار المعلمين و المعلمات - جونية مكتبة دار المعلمين و المعلمات - جونية Salle de Lecture 09/18/2010 Ambassade de France 10.00   370.1 PRU. CRJ4286 07/27/2016 1 07/27/2016 Books
    Dewey Decimal Classification     مكتبة دار المعلمين و المعلمات - زحلة مكتبة دار المعلمين و المعلمات - زحلة Salle de Lecture 02/22/2008 Amb. de France 9.50   370.15 PRU CRZ2705 07/27/2016 1 07/27/2016 Books
    Dewey Decimal Classification     مكتبة دار المعلمين و المعلمات - صيدا مكتبة دار المعلمين و المعلمات - صيدا Salle de Lecture 05/13/2008 Ambassade de France 9.50   371.9 PRU CRS2356 07/28/2016 1 07/28/2016 Books
    Dewey Decimal Classification     مكتبة دار المعلمين و المعلمات - طرابلس مكتبة دار المعلمين و المعلمات - طرابلس Salle de Lecture 10/10/2008 Ambassade de France 0.00   371.9 PRU CRT316 07/27/2016 1 07/27/2016 Books